Normal view MARC view

Entry Personal Name

Number of records used in: 2

001 - CONTROL NUMBER

  • control field: 94856

003 - CONTROL NUMBER IDENTIFIER

  • control field: MY-SjTCS

005 - DATE AND TIME OF LATEST TRANSACTION

  • control field: 20191212152158.0

008 - FIXED-LENGTH DATA ELEMENTS

  • fixed length control field: 191212|| aca||aabn | a|a d

040 ## - CATALOGING SOURCE

  • Original cataloging agency: MY-SjTCS
  • Transcribing agency: MY-SjTCS

100 ## - HEADING--PERSONAL NAME

  • Personal name: Tenenbaum, Aaron M.

670 ## - SOURCE DATA FOUND

  • Source citation: Work cat.: (MY-SjTCS): Langsam, Yedidyah, 1952- 8455, Data structures using C and C++ /, c1996